000 00463nam a2200193Ia 4500
005 20250603145359.0
008 250603s9999 xx 000 0 und d
020 _a9780470672174
050 _aHD 9715.A2 .H37/
100 _aHarris, Frank
245 0 _aModern construction management
250 _a7th ed.
260 _aUnited state
260 _bJohn wiley & sons Ltd.
260 _c2013
300 _a558 p
650 _aUnited state
942 _cBK
999 _c41691
_d41691